logo

Bir Sreshtho Munshi Abdur Rouf Library
Jhenaidah Cadet College

Sociology / (Record no. 7541)

MARC details
000 -LEADER
fixed length control field 00726cam a2200265 i 4500
001 - CONTROL NUMBER
JCCL Control Number 7541) Search:
003 - CONTROL NUMBER IDENTIFIER
JCCL marc code BD-JhCC
005 - DATE AND TIME OF LATEST TRANSACTION
control field 20180307131017.0
008 - FIXED-LENGTH DATA ELEMENTS--GENERAL INFORMATION
fixed length control field 790302s1979 maua b 001 0 eng
020 ## - INTERNATIONAL STANDARD BOOK NUMBER
International Standard Book Number 0201030926 :
Terms of availability $14.95
035 ## - SYSTEM CONTROL NUMBER
system control number (BD-JhCC)7541) Search:
040 ## - CATALOGING SOURCE
Original cataloging agency DLC
Transcribing agency DLC
Modifying agency DLC
-- BD-JhCC
041 ## - LANGUAGE CODE
Language code of Book eng
050 00 - LIBRARY OF CONGRESS CALL NUMBER
Classification number HM51
Item number .F39 1979
082 00 - DEWEY DECIMAL CLASSIFICATION NUMBER
Classification number 301
Author mark and Year FED 1979
100 1# - MAIN ENTRY--PERSONAL NAME
Personal name Federico, Ronald C.
245 10 - TITLE STATEMENT
Title Sociology /
Statement of responsibility, etc Ronald C. Federico.
250 ## - EDITION STATEMENT
Edition statement 2d ed.
260 ## - PUBLICATION, DISTRIBUTION, ETC. (IMPRINT)
Place of publication, distribution, etc Reading, Mass. :
Name of publisher, distributor, etc Addison-Wesley Pub. Co.,
Date of publication, distribution, etc c1979.
300 ## - PHYSICAL DESCRIPTION
Pagination xxiv, 568 p. :
Other physical details ill. ;
Dimensions 26 cm.
504 ## - BIBLIOGRAPHY, ETC. NOTE
Bibliography, etc Includes bibliographies and indexes.
650 #0 - SUBJECT ADDED ENTRY--TOPICAL TERM
Topical term or geographic name as entry element Sociology.
942 ## - ADDED ENTRY ELEMENTS (KOHA)
Source of classification or shelving scheme Dewey Decimal Classification
Koha item type Books
Holdings
Source of classification or shelving scheme Damaged status Not for loan Home library Current library Shelving location Total Checkouts Full call number Barcode Date last seen Copy number Koha item type
Dewey Decimal Classification     JCC Rouf Library JCC Rouf Library General Stacks   301 FED 1979 10107 02/11/2018 C-1 Books
Dewey Decimal Classification     JCC Rouf Library JCC Rouf Library General Stacks   301 FED 1979 11244 03/07/2018 C-2 Books

JCC Library | Contacts | JCC Home

Last Update on 23 September 2017
Copyright @ 2017-2020 JCC Rouf Library
Rouf Library, Jhenidah Cadet College (JCC), Bangladesh